书目信息 |
| 书名: | The thirty-nine steps | |
| 作者: | ||
| 分册号: | ||
| 分册名: | 出版地: | London : |
|
| 出版社: | Longman | |
| 出版时间: | 1966. | |
| 页数: | 90 p. : | |
| 开本: | 20020930 | |
| 丛书名: | ||
| 中图分类号: | ||
| 科图分类号: | ||
| 其他分类号: | H319.4 | |
| 主题词: | ||
| 电子资源: | ||
| 000 | 00625nam 2200229 a 4500 | |
| 001 | E0760019593 | |
| 005 | 20070210165124.06 | |
| 008 | eng | |
| 008 | uu | |
| 008 | 1966 | |
| 020 | @a0-582-53752-5 :@cCNY0.45. | |
| 040 | @aNLC | |
| 049 | @aN5LA | |
| 090 | @a2/I561.45/BJI///////910780 | |
| 090 | @aH319.4 | |
| 096 | @aI561.45 @v2 | |
| 099 | @dH319.4@ex238 | |
| 100 | 1 | @aBuchan, John. |
| 245 | 14 | @aThe thirty-nine steps |
| 260 | @aLondon :@bLongman,@c1966. | |
| 300 | @a90 p. :@b00 ;@c20020930@lNLC09@h2244 :@b00 ;@c20021017@lNLC09@h0610@lNLC09@h2233@lNLC09@h1825 | |
| 852 | 9 | @bWWJC @cJ08S @k2 @hI561.45 @iBJI |
| The thirty-nine steps.-London : : Longman, , 1966. |
| 90 p. : : 00 ; ; 20020930 : 00 ; ; 20021017 |
| ISBN 0-582-53752-5 :CNY0.45. |
| ● |
| 相关链接 |
|
|
|
|
正题名:thirty-nine steps
索取号:H319.4/x238
 
预约/预借
| 序号 | 登录号 | 条形码 | 馆藏地/架位号 | 状态 | 备注 |
| 1 | 184635 | 001431579 | 第二样本阅览室/ [索取号:H319.4/x238] | 在馆 | |
| 2 | 47723 | 001430963 | 密集书库/ [索取号:H319.4/x238] | 在馆 | |
| 3 | 47724 | 001431677 | 密集书库/ [索取号:H319.4/x238] | 在馆 | |
| 4 | 47725 | 001430954 | 第四借阅区/ [索取号:H319.4/x238] | 在馆 | |
| 5 | 47726 | 001430972 | 第四借阅区/ [索取号:H319.4/x238] | 在馆 | |
| 6 | 47727 | 001431819 | 第四借阅区/ [索取号:H319.4/x238] | 在馆 | |
| 7 | 47728 | 001430892 | 第四借阅区/ [索取号:H319.4/x238] | 在馆 | |
| 8 | 47729 | 001431757 | 密集书库/ [索取号:H319.4/x238] | 在馆 | |
| 9 | 47730 | 001431711 | 密集书库/ [索取号:H319.4/x238] | 在馆 | |
| 10 | 47731 | 001431631 | 密集书库/ [索取号:H319.4/x238] | 在馆 | |
| 11 | 47732 | 001431659 | 密集书库/ [索取号:H319.4/x238] | 在馆 | |
| 12 | 59372 | 001431622 | 密集书库/ [索取号:H319.4/x238] | 在馆 | |
| 13 | 59373 | 001431837 | 密集书库/ [索取号:H319.4/x238] | 在馆 | |
| 14 | 59374 | 001431784 | 密集书库/ [索取号:H319.4/x238] | 在馆 | |
| 15 | 59375 | 001430936 | 密集书库/ [索取号:H319.4/x238] | 在馆 | |
| 16 | 59376 | 001431775 | 密集书库/ [索取号:H319.4/x238] | 在馆 | |
| 17 | 59377 | 001431702 | 密集书库/ [索取号:H319.4/x238] | 在馆 | |
| 18 | 59378 | 001431640 | 密集书库/ [索取号:H319.4/x238] | 在馆 | |
| 19 | 59379 | 001431695 | 密集书库/ [索取号:H319.4/x238] | 在馆 | |
| 20 | 59380 | 001431766 | 密集书库/ [索取号:H319.4/x238] | 在馆 | |
| 21 | 59381 | 001431748 | 密集书库/ [索取号:H319.4/x238] | 在馆 | |
| 22 | 59382 | 001430945 | 密集书库/ [索取号:H319.4/x238] | 在馆 | |
| 23 | 59383 | 001431720 | 密集书库/ [索取号:H319.4/x238] | 在馆 | |
| 24 | 59384 | 001430918 | 密集书库/ [索取号:H319.4/x238] | 在馆 | |
| 25 | 59385 | 001431613 | 密集书库/ [索取号:H319.4/x238] | 在馆 | |
| 26 | 59386 | 001431739 | 密集书库/ [索取号:H319.4/x238] | 在馆 | |
| 27 | 59387 | 001431793 | 密集书库/ [索取号:H319.4/x238] | 在馆 | |
| 28 | 59388 | 001430927 | 密集书库/ [索取号:H319.4/x238] | 在馆 | |
| 29 | 59389 | 001431846 | 密集书库/ [索取号:H319.4/x238] | 在馆 | |
| 30 | 59390 | 001430909 | 第四借阅区/ [索取号:H319.4/x238] | 在馆 | |
| 31 | 59391 | 001431800 | 密集书库/ [索取号:H319.4/x238] | 在馆 | |
| 32 | 59392 | 001431588 | 密集书库/ [索取号:H319.4/x238] | 在馆 | |
| 33 | 59393 | 001431828 | 密集书库/ [索取号:H319.4/x238] | 在馆 | |
| 34 | 59394 | 001431686 | 密集书库/ [索取号:H319.4/x238] | 在馆 | |
| 35 | 59396 | 001431668 | 密集书库/ [索取号:H319.4/x238] | 在馆 | |
| 36 | 59397 | 001431597 | 密集书库/ [索取号:H319.4/x238] | 在馆 | |
| 37 | 59398 | 001431604 | 密集书库/ [索取号:H319.4/x238] | 在馆 |